| 000 | 01231cad a22002175a 4500 | ||
|---|---|---|---|
| 001 | L150789 | ||
| 008 | 100906s2010 xxk f 000 0 eng d | ||
| 035 | _a(Sirsi) u150789 | ||
| 041 | 0 | _aeng | |
| 110 | 2 |
_aBritish Property Federation _91604 |
|
| 245 | 0 | 0 |
_aHitting the green wall and beyond _bhow is the UK development industry building sustainable foundations? _h[electronic resource] |
| 260 | _c2010 | ||
| 520 | _aReport surveyed 7000 individuals representing a wealth of organisations across the UK development industry and found all sectors are sceptical about some of the government policy objectives. 73% believe government plans for making all new housing zero carbon by 2016 are unrealistic. However, awareness of and importance attached to sustainability remain high with a clear majority in all sectors considering the sustainability agenda to be very or highly important. | ||
| 590 | _aKA NTK | ||
| 651 | 4 |
_aUnited Kingdom _y |
|
| 690 | _aBUILT ENVIRONMENT-SUSTAINABLE CONSTRUCTION | ||
| 710 | 1 |
_aSpada _95741 |
|
| 710 | 1 | _aTaylor Wessing | |
| 856 | 4 | 0 |
_uhttps://reaction.taylorwessing.com/reaction/PDFs/Hitting_the_Green_Wall_and_Beyond.pdf _zView the report free of charge at www.taylorwessing.com |
| 942 | _n0 | ||
| 999 |
_c110981 _d110981 |
||